Performance loss in open-plan offices due to noise by speech (Record no. 80546)
[ view plain ]
| 000 -LEADER | |
|---|---|
| fixed length control field | 00925cab a22001935a 4500 |
| 001 - CONTROL NUMBER | |
| control field | L144687 |
| 008 - FIXED-LENGTH DATA ELEMENTS--GENERAL INFORMATION | |
| fixed length control field | 080805s2008 xxkad f s 000 0 eng d |
| 035 ## - SYSTEM CONTROL NUMBER | |
| System control number | (Sirsi) u144687 |
| 041 0# - LANGUAGE CODE | |
| Language code of text/sound track or separate title | eng |
| 100 1# - MAIN ENTRY--PERSONAL NAME | |
| Personal name | Roelofsen, Paul |
| 245 00 - TITLE STATEMENT | |
| Title | Performance loss in open-plan offices due to noise by speech |
| 260 ## - PUBLICATION, DISTRIBUTION, ETC. | |
| Date of publication, distribution, etc. | 2008 |
| 490 #0 - SERIES STATEMENT | |
| Series statement | Journal of Facilities Management |
| Volume/sequential designation | 6(3) 2008, 202-211(10) |
| 520 ## - SUMMARY, ETC. | |
| Summary, etc. | Aims to show how individual workplace performance can be adversely affected by other staff talking in nearby workspaces, and in an open-plan office. Uses mathematical models to quantify performance loss. Finds that performance loss, as a result of poor acoustics, can be related to the speech intelligibility in a space. Considers it possible to improve productivity through better design. |
| 590 ## - LOCAL NOTE (RLIN) | |
| Local note | KA |
| 651 #4 - SUBJECT ADDED ENTRY--GEOGRAPHIC NAME | |
| Geographic name | International |
| 690 ## - LOCAL SUBJECT ADDED ENTRY--TOPICAL TERM (OCLC, RLIN) | |
| Topical term or geographic name as entry element | PROPERTY-COMMERCIAL PROPERTY-OFFICE PROPERTY-OFFICES |
| 942 ## - ADDED ENTRY ELEMENTS (KOHA) | |
| Suppress in OPAC | 0 |
| Withdrawn status | Lost status | Source of classification or shelving scheme | Damaged status | Not for loan | Home library | Current library | Shelving location | Date acquired | Total Checkouts | Full call number | Barcode | Date last seen | Copy number | Price effective from | Koha item type |
|---|---|---|---|---|---|---|---|---|---|---|---|---|---|---|---|
| Dewey Decimal Classification | London | London | Journal article | 05/08/2008 | L144687 | 144687-1001 | 06/08/2019 | 1 | 06/08/2019 | Journal article |